| 000 | 00538cam a2200205ua 4500 | ||
|---|---|---|---|
| 001 | 1264 | ||
| 008 | 110622n ii |||gr||||Z||||||eng | ||
| 020 | _a81-8318-580-0 | ||
| 040 | _cMAIN | ||
| 082 | _a338.9 | ||
| 100 | _aMisra, S K., | ||
| 245 | 1 |
_aEconomics of developement and planning. _cBy S K Misra. |
|
| 250 | _a12th. | ||
| 260 |
_aDelhi.: _bHimalaya publishing house., _c2006. |
||
| 300 |
_a915 p.: _c30 cm. |
||
| 653 | _aEconomics. | ||
| 653 | _aEconomics of developement and planning. | ||
| 700 | _aPuri, V K., | ||
| 942 | _cBK | ||
| 999 |
_c1165 _d1165 |
||